Normal view
MARC view
- Maritime law
Entry Topical Term
001 - CONTROL NUMBER
- control field: 128429
003 - CONTROL NUMBER IDENTIFIER
- control field: NUST
005 - DATE AND TIME OF LATEST TRANSACTION
- control field: 20250318111656.0
008 - FIXED-LENGTH DATA ELEMENTS
- fixed length control field: 250318|| aca||aabn | a|a d
040 ## - CATALOGING SOURCE
- Original cataloging agency: NUST
- Transcribing agency: NUST
150 ## - HEADING--TOPICAL TERM
- Topical term or geographic name entry element: Maritime law
670 ## - SOURCE DATA FOUND
- Source citation: Work cat.: (NUST)0: Martínez Gutiérrez, Norman A. 128428, Limitation of liability in international maritime conventions :, 2011.
